[Event "Julian Mazur Memorial"]
[Site "Wellington Chess Club"]
[Date "2021.07.22"]
[Round "1.6"]
[White "Evans, Oliver"]
[Black "Wojnar, Maciej"]
[Result "0-1"]
[WhiteElo "1576"]
[BlackElo "2101"]

1. d4 f5 2. c4 e6 3. Nc3 Nf6 4. Nf3 d5 5. Qc2 c6 6. Bg5 Bd6 7. e3 O-O 8. Be2
Qc7 9. c5 Be7 10. Bf4 Qd8 11. Bxb8 Rxb8 12. b4 Bd7 13. Ne5 Be8 14. a4 Nd7 15.
Nxd7 Qxd7 16. Kd2 e5 17. Bd3 exd4 18. exd4 Bg5+ 19. Kd1 Bh5+ 20. f3 Be3 21. Ne2
Qe6 22. Qc3 f4 23. Kc2 b6 24. Rhf1 Rf7 25. a5 b5 26. Rae1 Qf6 27. Kb3 Re7 28.
Ka2 g5 29. h3 Be8 30. Qb2 Bd7 31. Bc2 Rbe8 32. Rd1 h5 33. Nc1 Kg7 34. Nb3 Rh8
35. Rfe1 g4 36. hxg4 hxg4 37. Na1 Rh2 38. Rh1 Rxg2 39. Rh7+ Kg8 40. Rxe7 Qxe7
41. Bh7+ Qxh7 42. Qxg2 Bf5 43. Rh1 Qg7 44. Nb3 gxf3 45. Qxg7+ Kxg7 46. Rf1 f2
47. Rxf2 Bxf2 48. Kb2 Be3 49. Kc3 f3 50. a6 f2 51. Na5 f1=Q 52. Nxc6 Qc1+ 0-1

[Event "Julian Mazur Memorial"]
[Site "Wellington Chess Club"]
[Date "2021.07.22"]
[Round "1.7"]
[White "Stone, Andrew"]
[Black "Cooke, Xandi"]
[Result "1-0"]
[WhiteElo "2040"]
[BlackElo "1461"]

1. e4 c5 2. Nc3 { Instead of 2.Nc3, I was expecting and prepping for the smith
morra gambit. } 2... Nc6 3. Nf3 e6 4. d4 cxd4 5. Nxd4 a6 6. Be3 Qc7 7. g3 Bb4
8. Bg2 Na5 9. O-O { I thought here quite a while checking if pieces could be
trapped but in the end I believed it was a free pawn. } 9... Bxc3 10. bxc3 Qxc3
11. Nxe6 { I thought this was an interesting sac. I originally thought that if
Fx. Qh5+ would be damaging and if dx, Andrew would look do go Qd6. I did not
see the line that followed } 11... dxe6 12. Bd4 Qb4 13. Bxg7 Ne7 14. Bxh8 Bd7
15. Rb1 Qc5 16. Bd4 Qg5 17. h4 Qg6 { Now unfortunately, my queen is in a too
passive position in my opinion. } 18. Bb6 Nc4 19. Qd4 Nxb6 20. Qxb6 Bb5 21.
Rfd1 Ba4 22. Rd2 Nc6 23. Qxb7 Rd8 24. Rxd8+ Nxd8 25. Qxa6 Bxc2 26. Rb8 Ke7 27.
Qa3+ Ke8 28. Qd6 Qf6 29. Qc6+ Kf8 30. Qxc2 { From here, I was very very low on
time, with each move being made seconds before flagging. this went on for the
rest of the game. } 30... Qa1+ 31. Kh2 Qf6 32. Qc8 Ke8 33. e5 Qe7 34. Bc6+ Kf8
35. Qxd8+ Qxd8 36. Rxd8+ Kg7 37. Be4 f5 38. exf6+ Kxf6 39. f4 h5 40. Rh8 e5 41.
Rxh5 { Black flags. 1-0. } 1-0

[Event "Julian Mazur Memorial"]
[Site "Wellington Chess Club"]
[Date "2021.07.22"]
[Round "1.8"]
[White "Dunlop, Rafe"]
[Black "Wojnar, Jacek"]
[Result "0-1"]
[WhiteElo "1376"]
[BlackElo "2039"]

1. e4 e5 2. Nf3 f5 3. d3 Nc6 4. Be2 Be7 5. exf5 d5 6. c3 Bxf5 7. d4 e4 8. Ne5
Nf6 9. Nxc6 bxc6 10. Bf4 O-O 11. O-O Bd6 12. Be3 Qe8 13. Kh1 Qg6 14. Nd2 Ng4
15. h3 Nxe3 16. fxe3 Qg3 0-1

[Event "Julian Mazur Memorial"]
[Site "Wellington Chess Club"]
[Date "2021.07.22"]
[Round "1.9"]
[White "Benitez, Edgar"]
[Black "Osborne, Geoff"]
[Result "1-0"]
[WhiteElo "2033"]
[BlackElo "1284"]

1. e4 d6 2. d4 Nf6 3. Nc3 g6 4. Nf3 Bg7 5. h3 O-O 6. Bc4 Nbd7 7. e5 dxe5 8.
dxe5 Ne8 9. e6 fxe6 10. Bxe6+ Kh8 11. Ng5 Nd6 12. O-O Nc5 13. Qg4 h6 14. Bxc8
Rxc8 15. Be3 Rf5 16. Nf3 Qe8 17. Nh4 h5 18. Qxg6 Rf6 19. Qxe8+ Rxe8 20. Bxc5
Rd8 21. Rad1 b6 22. Bd4 Rf7 23. Bxg7+ Rxg7 24. Rd5 e6 25. Rxh5+ Kg8 26. Re1 Kf7
27. b3 Re8 28. Rhe5 Kf6 29. Kh2 Rh7 30. g3 Rhe7 31. R5e3 1-0

[Event "Julian Mazur Memorial"]
[Site "Wellington Chess Club"]
[Date "2021.07.22"]
[Round "1.10"]
[White "Jones, Christopher"]
[Black "Forster, Bill"]
[Result "0-1"]
[WhiteElo "1253"]
[BlackElo "2033"]

1. e4 d6 2. d4 Nf6 3. Nc3 c6 4. Nf3 Qa5 5. Bd2 Qc7 6. Bd3 e5 7. dxe5 dxe5 8.
Qe2 Bc5 9. h3 O-O 10. O-O-O b5 11. g4 Be6 12. Ng5 Nbd7 13. Nxe6 fxe6 14. Bg5 a5
15. Qd2 a4 16. f4 b4 17. Ne2 Rfb8 18. Bc4 Nf8 19. Bxf6 gxf6 20. f5 Qa7 21. Kb1
Qe7 22. Qh6 Ra7 23. Rd3 Kh8 24. Ng3 Bf2 25. Nh5 Bh4 26. Qe3 exf5 27. gxf5 Rab7
28. Rg1 Nd7 29. Rg4 Bg5 30. Qg1 Qc5 31. Qxc5 Nxc5 32. Rdg3 Rd8 33. Rg1 Rbd7 34.
Bd3 Nxd3 35. cxd3 Rxd3 36. h4 Be3 37. Re1 b3 38. Rgg1 Bxg1 0-1

[Event "Julian Mazur Memorial"]
[Site "Wellington Chess Club"]
[Date "2021.07.22"]
[Round "1.11"]
[White "Sole, Michael"]
[Black "Asher, Bruce"]
[Result "1-0"]
[WhiteElo "2012"]
[BlackElo "1119"]

1. d4 d5 2. c4 e6 3. Nf3 Nf6 4. g3 Bb4+ 5. Bd2 Nc6 6. Bg2 O-O 7. Qc2 Bxd2+ 8.
Nbxd2 h6 9. O-O b6 10. cxd5 Nb4 11. Qb3 Nbxd5 12. e4 Ne7 13. Rfd1 Bb7 14. Qc2
Qc8 15. Rac1 Nc6 16. a3 Rd8 17. Nb1 Rd7 18. Nc3 Qd8 19. Ne2 Rd6 20. e5 Rd5 21.
exf6 Qxf6 22. Nf4 Rf5 23. d5 Ne5 24. Nxe5 Qxe5 25. Qc3 exd5 26. Qxe5 Rxe5 27.
Rxc7 Rc8 28. Rxb7 a5 29. Bxd5 Kf8 30. Bxf7 Re7 31. Ng6+ 1-0

[Event "Julian Mazur Memorial"]
[Site "Wellington Chess Club"]
[Date "2021.07.22"]
[Round "1.12"]
[White "Wang, Cheng Qi(Max)"]
[Black "Pomeroy, Arthur"]
[Result "0-1"]
[WhiteElo "1086"]
[BlackElo "2005"]

1. e4 c5 2. Nf3 d6 3. d4 cxd4 4. Nxd4 Nf6 5. Nc3 a6 6. Bd3 e5 7. Nf3 Be7 8. O-O
O-O 9. Re1 Nc6 10. Bc4 Bg4 11. Nd5 Nd4 12. Nxf6+ Bxf6 13. Be2 Nxe2+ 14. Qxe2
Qc7 15. c3 Rfe8 16. Qd3 b5 17. Bg5 Bxg5 18. Nxg5 h6 19. Nf3 Be6 20. b3 Rad8 21.
Rac1 d5 22. exd5 Bxd5 23. Qe3 Qb7 24. h3 Bxf3 25. Qxf3 Qxf3 26. gxf3 Rd3 27.
Re3 Red8 28. Rxd3 Rxd3 29. Kg2 Kf8 30. h4 Ke7 31. Kg3 e4 32. Kg2 Rxf3 33. Re1
f5 0-1

[Event "Julian Mazur Memorial"]
[Site "Wellington Chess Club"]
[Date "2021.07.22"]
[Round "1.16"]
[White "Brockway, Andrew"]
[Black "Tanoi, Edward"]
[Result "0-1"]
[WhiteElo "1783"]
[BlackElo "1944"]

1. e4 c5 2. Nc3 Nc6 3. Bb5 e6 4. Bxc6 bxc6 5. f4 d5 6. d3 Ne7 7. Nf3 Ng6 8. O-O
Qc7 9. Ne2 Be7 10. Qe1 O-O 11. Qg3 dxe4 12. dxe4 Ba6 13. Re1 Rab8 14. Nc3 c4
15. Rd1 Rfd8 16. Rxd8+ Qxd8 17. Qe1 Nh4 18. Nxh4 Bxh4 19. g3 Bf6 20. e5 Be7 21.
Na4 Qd5 22. Nc3 Qd7 23. Ne4 c5 24. Nf2 Bb7 25. Qf1 Qc6 26. Bd2 h5 27. h3 h4 28.
g4 Qf3 0-1

[Event "Julian Mazur Memorial"]
[Site "Wellington Chess Club"]
[Date "2021.07.29"]
[Round "2.1"]
[White "Tanoi, Edward"]
[Black "Ker, Anthony"]
[Result "0-1"]
[WhiteElo "1944"]
[BlackElo "2452"]

1. e4 c5 2. Nf3 g6 3. d4 cxd4 4. Qxd4 Nf6 5. e5 Nc6 6. Qa4 Nd5 7. Qe4 Nc7 8.
Nc3 b5 9. Bf4 Bg7 10. Be2 Bb7 11. O-O-O a6 12. Qe3 h6 13. h4 Ne6 14. Bg3 Qa5
15. Kb1 h5 16. Nd5 Nb4 17. Nxb4 Qxb4 18. Ne1 Bh6 19. Qb6 Bc6 20. Nd3 Qd4 21.
Qxd4 Nxd4 22. Bf1 Ne6 23. f4 Rc8 24. Rh3 Be4 25. Bh2 Nxf4 26. Bxf4 Bxf4 27.
Nxf4 Bxc2+ 28. Kc1 Bxd1+ 29. Kxd1 O-O 30. Rc3 Rxc3 31. bxc3 d6 32. exd6 Rd8 33.
Be2 Rxd6+ 34. Kc2 e5 35. Nd3 e4 36. Nf4 Kg7 37. g4 hxg4 38. Bxg4 f5 39. Be2 Kf6
40. c4 bxc4 41. Bxc4 Ke5 42. Nh3 Rc6 43. Kb3 f4 44. Nf2 f3 45. Nh3 e3 46. Ng1
f2 47. Nf3+ Kf4 48. Be2 f1=Q 49. Bxf1 Kxf3 0-1

[Event "Julian Mazur Memorial"]
[Site "Wellington Chess Club"]
[Date "2021.07.29"]
[Round "2.2"]
[White "Croad, Nicolas"]
[Black "Symon, Christopher"]
[Result "1-0"]
[WhiteElo "2451"]
[BlackElo "1940"]

1. e4 c5 2. Nf3 Nc6 3. Bb5 g6 4. Bxc6 bxc6 5. O-O Bg7 6. Re1 e5 7. c3 Ne7 8. d4
cxd4 9. cxd4 exd4 10. Nxd4 O-O 11. Nc3 Qb6 12. e5 c5 13. Nb3 Qc6 14. Bg5 Nf5
15. Qd5 Qxd5 16. Nxd5 Bb7 17. Nf6+ Bxf6 18. Bxf6 Rac8 19. Red1 c4 20. Nc1 Rc7
21. h3 Rfc8 22. Ne2 Ng7 23. Nc3 Ne8 24. Be7 a6 25. Rd2 Kg7 26. Rad1 Bc6 27. Rd4
Rb7 28. R1d2 Rcb8 29. Ba3 Nc7 30. Rxc4 Nb5 31. Bb4 Re8 32. f4 Nc7 33. a3 Ne6
34. Ne4 Bxe4 35. Rxe4 f6 36. exf6+ Kxf6 37. g4 Rc7 38. Bc3+ Kf7 39. Rd6 Nc5 40.
Rf6+ 1-0

[Event "Julian Mazur Memorial"]
[Site "Wellington Chess Club"]
[Date "2021.07.29"]
[Round "2.3"]
[White "Perrin, Brent"]
[Black "Dive, Russell"]
[Result "0-1"]
[WhiteElo "1903"]
[BlackElo "2384"]

1. b3 d5 2. Bb2 Bf5 3. g3 e6 4. Bg2 Nf6 5. Nf3 h6 6. O-O Be7 7. c4 O-O 8. d3 a5
9. Nbd2 a4 10. bxa4 Na6 11. Qc2 Bh7 12. Rfc1 c6 13. Rab1 Nd7 14. cxd5 exd5 15.
Bc3 Ra7 16. Bh3 Re8 17. a5 Bf8 18. Nb3 c5 19. Qd2 Nab8 20. Re1 Nc6 21. Qf4 d4
22. Ba1 Nf6 23. Qc1 Qd6 24. Nfd2 Ne5 25. Nc4 Nxc4 26. Qxc4 Nd5 27. Rbc1 Nb4 28.
a3 Na6 29. Bg2 Bf5 30. Qd5 Qg6 31. Nd2 Nc7 32. Qb3 Ne6 33. Nc4 Nf4 34. Qb6 Nxg2
35. Qxg6 Bxg6 36. Kxg2 Ra6 37. Rb1 Rae6 38. Rxb7 Bxd3 39. Nb6 Be4+ 0-1

[Event "Julian Mazur Memorial"]
[Site "Wellington Chess Club"]
[Date "2021.07.29"]
[Round "2.4"]
[White "Cilia Vincenti, David"]
[Black "Chen, Wei Kai"]
[Result "0-1"]
[WhiteElo "2282"]
[BlackElo "1879"]

1. d4 Nf6 2. Nf3 g6 3. g3 Bg7 4. Bg2 O-O 5. O-O d5 6. c4 c6 7. cxd5 cxd5 8. Nc3
Nc6 9. Ne5 Bf5 10. Nxc6 bxc6 11. Qa4 Qb6 12. Rd1 Rfe8 13. h3 e5 14. dxe5 Rxe5
15. Bf4 Re6 16. Rd2 Nh5 17. Rc1 Nxf4 18. gxf4 Bh6 19. e3 Rxe3 20. Qd4 Re6 21.
Na4 Qxd4 22. Rxd4 Rae8 23. Kh2 Be4 24. Kg3 Rf6 0-1

[Event "Julian Mazur Memorial"]
[Site "Wellington Chess Club"]
[Date "2021.07.29"]
[Round "2.5"]
[White "Wevers, Alexis"]
[Black "Winter, Ryan"]
[Result "1-0"]
[WhiteElo "1845"]
[BlackElo "2176"]

1. c4 e6 2. Nc3 d5 3. cxd5 exd5 4. d4 c6 5. Nf3 Nf6 6. Bf4 Be7 7. e3 O-O 8. Bd3
Re8 9. h3 Nbd7 10. O-O Nf8 11. Rb1 Ne6 12. Be5 a5 13. a3 g6 14. Qc2 Ng7 15. b4
Bf5 16. Na4 Bxd3 17. Qxd3 axb4 18. Nc5 Rxa3 19. Rb3 Rxb3 20. Qxb3 Nd7 21. Nxb7
Qb6 22. Nd6 Rd8 23. Rc1 Nf8 24. Bxg7 Kxg7 25. Nxf7 Kxf7 26. Ne5+ Kg7 27. Rxc6
Qb7 28. e4 Bf6 29. exd5 Qe7 30. f4 Ra8 31. d6 Qe6 32. Rc7+ {Black lost on time}
1-0

[Event "Julian Mazur Memorial"]
[Site "Wellington Chess Club"]
[Date "2021.07.29"]
[Round "2.6"]
[White "Wojnar, Maciej"]
[Black "Loke, Kayden"]
[Result "1-0"]
[WhiteElo "2101"]
[BlackElo "1833"]

1. f4 d5 2. Nf3 c5 3. e3 Nc6 4. Bb5 a6 5. Bxc6+ bxc6 6. Ne5 Qc7 7. O-O h5 8. b3
f6 9. Ng6 Bg4 10. Qe1 Rh6 11. Nxf8 Kxf8 12. d3 h4 13. h3 Bh5 14. c4 dxc4 15.
dxc4 Rd8 16. Nc3 Rd3 17. Ba3 Qa5 18. Na4 Qxe1 19. Raxe1 Rd2 20. Rf2 Rxf2 21.
Kxf2 g5 22. Nxc5 a5 23. Nb7 a4 24. bxa4 Rh8 25. a5 Kf7 26. Nd8+ Kg6 27. a6 Nh6
28. Bxe7 Nf7 29. a7 Nxd8 30. a8=Q Nf7 31. Qxc6 Rb8 32. Qxf6+ Kh7 1-0

[Event "Julian Mazur Memorial"]
[Site "Wellington Chess Club"]
[Date "2021.07.29"]
[Round "2.7"]
[White "Aldridge, Alan"]
[Black "Stone, Andrew"]
[Result "0-1"]
[WhiteElo "1826"]
[BlackElo "2040"]

1. e4 e5 2. Nf3 Nf6 3. Nc3 Bc5 4. Bc4 d6 5. h3 c6 6. O-O O-O 7. a4 d5 8. Bd3
Re8 9. b3 Nbd7 10. Ba3 Bxa3 11. Rxa3 Nf8 12. Re1 Ng6 13. exd5 cxd5 14. Bxg6
hxg6 15. d3 d4 16. Nb1 Qc7 17. Nbd2 Nd5 18. Nc4 f6 19. Nxd4 Bxh3 20. Nb5 Qd7
21. Qf3 Bg4 22. Qg3 Nf4 23. Nbd6 Red8 24. f3 Be6 25. Raa1 Qc6 26. Ne4 Rd4 27.
Qf2 Rad8 28. Ned2 Bf5 29. Ne4 g5 30. Ng3 Bh3 31. Ne3 Bxg2 32. Kh2 Bxf3 33. Ngf5
Kf7 34. Kg3 Rh8 35. Qg1 Rdd8 36. Rf1 Ne2+ 0-1

[Event "Julian Mazur Memorial"]
[Site "Wellington Chess Club"]
[Date "2021.07.29"]
[Round "2.8"]
[White "Wojnar, Jacek"]
[Black "Ackroyd, William"]
[Result "0-1"]
[WhiteElo "2039"]
[BlackElo "1822"]

1. e4 c6 2. d4 d5 3. e5 c5 4. dxc5 e6 5. Be3 Nc6 6. Bb5 Ne7 7. c3 Nf5 8. Bd4
Bd7 9. Bxc6 Bxc6 10. Ne2 h5 11. Ng3 Nxd4 12. cxd4 h4 13. Ne2 Qg5 14. Rg1 f6 15.
f4 Qg6 16. Nbc3 Be7 17. b4 fxe5 18. dxe5 d4 19. Nxd4 Bxg2 20. Nxe6 Qxe6 21.
Rxg2 Qh3 22. Qc2 Qe3+ {White touched his queen!!!!} 0-1

[Event "Julian Mazur Memorial"]
[Site "Wellington Chess Club"]
[Date "2021.07.29"]
[Round "2.9"]
[White "Heyworth, Nicholas"]
[Black "Benitez, Edgar"]
[Result "0-1"]
[WhiteElo "1822"]
[BlackElo "2033"]

1. e4 e5 2. Nf3 Nc6 3. Bb5 a6 4. Ba4 Nf6 5. O-O b5 6. Bb3 Be7 7. Re1 d6 8. c3
O-O 9. h3 Na5 10. Bc2 c5 11. d4 Qc7 12. d5 c4 13. Nbd2 Nb7 14. a4 Bd7 15. axb5
axb5 16. Rxa8 Rxa8 17. Nf1 Ra1 18. Ng3 Nc5 19. Qe2 Na4 20. Bxa4 Rxa4 21. Bd2
Ra2 22. Rb1 Qa7 23. Qd1 h6 24. Be3 Qa5 25. Nd2 Kh7 26. Qf3 Kg8 27. Nf5 Bxf5 28.
Qxf5 Ra1 29. Rf1 Qa2 30. Qc8+ Bf8 31. Rxa1 Qxa1+ 32. Kh2 Qxb2 33. f4 Qxc3 34.
fxe5 Qxe3 35. exf6 Qxd2 36. fxg7 Kxg7 37. Qf5 Qg5 38. Qf2 Qe5+ 0-1

[Event "Julian Mazur Memorial"]
[Site "Wellington Chess Club"]
[Date "2021.07.29"]
[Round "2.10"]
[White "Forster, Bill"]
[Black "Hall, Nathan"]
[Result "1-0"]
[WhiteElo "2033"]
[BlackElo "1807"]

1. Nf3 e6 2. c4 d5 3. g3 Nf6 4. Bg2 Be7 5. O-O O-O 6. b3 Ne4 7. Bb2 Bf6 8. d4
c5 9. e3 Nc6 10. Ne5 cxd4 11. exd4 Qb6 12. Na3 Nxe5 13. dxe5 Be7 14. cxd5 exd5
15. Qxd5 Ng5 16. Nc4 Qc7 17. Qd2 Rd8 18. Qe2 Bf5 19. Rfd1 Rac8 20. Rac1 h6 21.
Nd6 Rxd6 22. exd6 Qxc1 23. Bxc1 Bf6 24. Bxg5 Bxg5 25. Bxb7 Rc2 26. Qe8+ Kh7 27.
d7 1-0

[Event "Julian Mazur Memorial"]
[Site "Wellington Chess Club"]
[Date "2021.07.29"]
[Round "2.11"]
[White "Langford, Josh"]
[Black "Sole, Michael"]
[Result "1-0"]
[WhiteElo "1802"]
[BlackElo "2012"]

1. e4 c5 2. Nf3 d6 3. d4 cxd4 4. Nxd4 Nf6 5. Nc3 Nc6 6. Bc4 Qb6 7. Nb3 e6 8.
Bf4 Ne5 9. Be2 Be7 10. Be3 Qc7 11. f4 Nc6 12. Bf3 O-O 13. O-O Bd7 14. g4 Rfd8
15. g5 Ne8 16. Bg2 f6 17. Qh5 fxg5 18. fxg5 Ne5 19. Rf4 Ng6 20. Rf3 d5 21. Raf1
Nd6 22. Rh3 Nf8 23. g6 Bf6 24. e5 Be8 25. exd6 Qxd6 26. gxh7+ Kh8 27. Qg4 Bg6
28. Rxf6 gxf6 29. Bc5 f5 30. Bxd6 Rxd6 31. Qd4+ 1-0

[Event "Julian Mazur Memorial"]
[Site "Wellington Chess Club"]
[Date "2021.07.29"]
[Round "2.12"]
[White "Pomeroy, Arthur"]
[Black "Dixon, Hamish"]
[Result "1-0"]
[WhiteElo "2005"]
[BlackElo "1738"]

1. e4 c5 2. Nf3 d6 3. d4 cxd4 4. Nxd4 Nf6 5. Nc3 a6 6. Rg1 Nc6 7. g4 Nxd4 8.
Qxd4 Bxg4 9. Rxg4 Nxg4 10. Qa4+ Qd7 11. Bb5 axb5 12. Qxa8+ Qd8 13. Qxb7 Qd7 14.
Qb8+ Qd8 15. Qxb5+ Qd7 16. Qxd7+ Kxd7 17. Bf4 g6 18. f3 Ne5 19. Bxe5 dxe5 20.
Rd1+ Kc6 21. Rd8 Bg7 22. Rxh8 Bxh8 23. Ke2 Bf6 24. Kd3 e6 25. Kc4 Be7 26. b4 f5
27. b5+ Kb7 28. a4 g5 29. a5 g4 30. a6+ Ka7 31. fxg4 f4 32. Kd3 Bc5 33. Ke2 Kb6
34. Na4+ 1-0

[Event "Julian Mazur Memorial"]
[Site "Wellington Chess Club"]
[Date "2021.07.29"]
[Round "2.19"]
[White "Ashe, Michael"]
[Black "Wang, Cheng Qi(Max)"]
[Result "1-0"]
[WhiteElo "1803"]
[BlackElo "1086"]

1. d4 Nf6 2. c4 c5 3. d5 b5 4. cxb5 a6 5. Nc3 axb5 6. Nxb5 Qa5+ 7. Nc3 Ne4 8.
Bd2 Nxd2 9. Qxd2 d6 10. e4 Bd7 11. Nf3 Na6 12. a3 Nc7 13. Be2 Nb5 14. Nxb5 Bxb5
15. Qxa5 Rxa5 16. Bxb5+ Rxb5 17. Rb1 g6 18. Nd2 Bg7 19. Nc4 Bc3+ 20. Ke2 Bd4
21. f3 O-O 22. Kd3 Rfb8 23. Kc2 Kg7 24. b3 h5 25. a4 Rb4 26. Na5 R4b6 27. Nc6
R8b7 28. Rhd1 Be5 29. Nxe5 dxe5 30. Kc3 f6 31. Rb2 Kf7 32. Rdb1 Ke8 33. b4
cxb4+ 34. Rxb4 Rxb4 35. Rxb4 Rxb4 36. Kxb4 Kd8 37. Kb5 Kc8 38. Kc6 g5 39. d6
Kd8 40. d7 g4 41. a5 gxf3 42. gxf3 h4 43. a6 e6 44. a7 1-0

[Event "Julian Mazur Memorial"]
[Site "Wellington Chess Club"]
[Date "2021.08.05"]
[Round "3.1"]
[White "Benitez, Edgar"]
[Black "Croad, Nicolas"]
[Result "0-1"]
[WhiteElo "1988"]
[BlackElo "2442"]

1. d4 Nf6 2. c4 g6 3. Nf3 Bg7 4. Nc3 d6 5. Bg5 h6 6. Bf4 Nbd7 7. h3 c6 8. e4
Qa5 9. Qd2 e5 10. dxe5 Nxe5 11. Nxe5 dxe5 12. Be3 Be6 13. a3 Rd8 14. Qc2 Bf8
15. Rb1 Nh5 16. Qa4 Qxa4 17. Nxa4 b6 18. Nc3 Nf4 19. Bxf4 exf4 20. Rd1 Bg7 21.
Rxd8+ Kxd8 22. Kd2 Kc7 23. Bd3 Rd8 24. Kc2 Bd4 25. Rf1 f3 26. gxf3 Bxh3 27. Rh1
Bg2 28. Rxh6 Bxf3 29. Rh7 Rd7 30. Rh3 Bg4 31. Rg3 Bh5 32. f4 Bf2 33. Rg2 Be3
34. f5 g5 35. b4 Bf3 36. Rg3 g4 37. b5 Bf2 38. Rxf3 gxf3 39. bxc6 Kxc6 40. Nd5
Bd4 41. a4 Kd6 42. Nb4 f6 43. Kd2 Rh7 44. Nc2 Rh2+ 45. Kd1 Bc5 46. Ke1 Ke5 47.
Kd1 Kf4 48. Bf1 Rh1 49. Ke1 Kxe4 0-1

[Event "Julian Mazur Memorial"]
[Site "Wellington Chess Club"]
[Date "2021.08.05"]
[Round "3.2"]
[White "Ker, Anthony"]
[Black "Langford, Josh"]
[Result "1-0"]
[WhiteElo "2437"]
[BlackElo "1977"]

1. e4 e5 2. Nf3 Nc6 3. d4 exd4 4. Bc4 Nf6 5. e5 d5 6. Bb5 Ne4 7. Nxd4 Bc5 8.
Be3 O-O 9. Nxc6 bxc6 10. Bxc5 Nxc5 11. Bxc6 Rb8 12. Qxd5 Qe7 13. O-O Rxb2 14.
Nc3 Rxc2 15. Qd4 Ne6 16. Qd3 Rb2 17. Nd5 Qc5 18. Rac1 Qd4 19. Qg3 g6 20. h4 Ba6
21. Rfe1 Rd8 22. Nf6+ Kg7 23. Bf3 c5 24. h5 Qf4 25. Qxf4 Nxf4 26. Rxc5 Rdd2 27.
Re4 Nd3 28. h6+ Kxh6 29. Rh4+ Kg5 30. Nxh7+ Kxh4 31. g3+ Kh3 32. Ng5# 1-0

[Event "Julian Mazur Memorial"]
[Site "Wellington Chess Club"]
[Date "2021.08.05"]
[Round "3.3"]
[White "Dive, Russell"]
[Black "Wevers, Alexis"]
[Result "1-0"]
[WhiteElo "2389"]
[BlackElo "1818"]

1. Nf3 d5 2. c4 c6 3. b3 Bf5 4. Bb2 dxc4 5. bxc4 e6 6. g3 Nf6 7. Bg2 Be7 8. O-O
O-O 9. d3 Nbd7 10. Nbd2 Qc7 11. h3 b5 12. Nd4 bxc4 13. Nxc6 Bc5 14. d4 Bb6 15.
Ne7+ Kh8 16. Nxf5 exf5 17. Bxa8 Rxa8 18. Rc1 f4 19. Rxc4 Qd6 20. Qb3 Re8 21.
Rfc1 fxg3 22. Qxg3 Qxg3+ 23. fxg3 Rxe2 24. Rc8+ Ng8 25. Kf1 Re6 26. Nc4 1-0

[Event "Julian Mazur Memorial"]
[Site "Wellington Chess Club"]
[Date "2021.08.05"]
[Round "3.4"]
[White "Chen, Wei Kai"]
[Black "Wojnar, Maciej"]
[Result "1-0"]
[WhiteElo "1976"]
[BlackElo "2124"]

1. Nf3 f5 2. c4 Nf6 3. Nc3 e6 4. g3 c6 5. Bg2 d5 6. cxd5 exd5 7. d4 Bd6 8. O-O
O-O 9. Bf4 Bxf4 10. gxf4 Nbd7 11. Ne5 Ne4 12. e3 Nxe5 13. dxe5 Nxc3 14. bxc3
Kh8 15. Kh1 Qh4 16. Qe2 Be6 17. Rg1 g5 18. Rab1 Rf7 19. fxg5 f4 20. Rb4 Raf8
21. Bf3 c5 22. Rxf4 Rxf4 23. exf4 Qxf4 24. Rg3 Rf5 25. Qb5 Rxe5 26. g6 Rg5 (
26... hxg6 27. Qe8+ Kg7 28. Qxg6+) 27. Qe8+ Bg8 28. Bxd5 1-0

[Event "Julian Mazur Memorial"]
[Site "Wellington Chess Club"]
[Date "2021.08.05"]
[Round "3.5"]
[White "Jackson, Ross"]
[Black "Forster, Bill"]
[Result "0-1"]
[WhiteElo "1908"]
[BlackElo "2017"]

1. d4 d5 2. c4 e6 3. Nc3 c6 4. Nf3 Nf6 5. cxd5 exd5 6. Bg5 Nbd7 7. e3 Be7 8.
Bd3 h6 9. Bh4 Ne4 10. Nxe4 dxe4 0-1

[Event "Julian Mazur Memorial"]
[Site "Wellington Chess Club"]
[Date "2021.08.05"]
[Round "3.6"]
[White "Ackroyd, William"]
[Black "Pomeroy, Arthur"]
[Result "1/2-1/2"]
[WhiteElo "1790"]
[BlackElo "1994"]

1. e4 c5 2. Nf3 d6 3. d4 cxd4 4. Nxd4 Nf6 5. Nc3 a6 6. h3 g6 7. g4 Bg7 8. Bg2
O-O 9. O-O Nc6 10. Be3 Bd7 11. Nde2 Rc8 12. Na4 Nb4 13. c3 Bxa4 14. Qxa4 Nd3
15. Qc2 Ne5 16. Rad1 b5 17. b3 Nfd7 18. f4 Nc6 19. Qd2 Re8 20. Rf3 Nf6 21. Ng3
Qa5 22. Bf2 b4 1/2-1/2

[Event "Julian Mazur Memorial"]
[Site "Wellington Chess Club"]
[Date "2021.08.05"]
[Round "3.7"]
[White "Jelley, Arch"]
[Black "Van der Hoorn, Thomas"]
[Result "0-1"]
[WhiteElo "1748"]
[BlackElo "1946"]

1. e4 c6 2. d4 d5 3. e5 Bf5 4. a4 h5 5. Bd3 Bxd3 6. Qxd3 Qa5+ 7. Bd2 Qa6 8. Qh3
e6 9. Qb3 c5 10. Ne2 Nc6 11. c3 Nge7 12. f3 cxd4 13. cxd4 Nf5 14. Bc3 Be7 15.
Nd2 b5 16. Nf1 b4 17. Bd2 Ncxd4 18. Nxd4 Nxd4 19. Qd1 Rc8 20. Ne3 O-O 21. Kf2
Qb6 22. g4 hxg4 23. fxg4 Nc2 24. Rc1 Nxe3 25. Bxe3 Bc5 26. Rxc5 Rxc5 27. Kf3 d4
28. Bxd4 Qc6+ 29. Ke3 Rd8 30. Qg1 Rcd5 31. Qg2 Rxe5+ 0-1

[Event "Julian Mazur Memorial"]
[Site "Wellington Chess Club"]
[Date "2021.08.05"]
[Round "3.9"]
[White "Winter, Ryan"]
[Black "Ashe, Michael"]
[Result "1-0"]
[WhiteElo "2198"]
[BlackElo "1686"]

1. e4 c6 2. d4 d5 3. e5 Bf5 4. h4 h5 5. Bd3 Bxd3 6. Qxd3 e6 7. Bg5 Qb6 8. Nd2
c5 9. c4 Nc6 10. Ngf3 Be7 11. O-O Nh6 12. Bxe7 Nxe7 13. cxd5 exd5 14. dxc5 Qxc5
15. Nb3 Qc4 16. Qxc4 dxc4 17. Nbd2 Rc8 18. Rfc1 b5 19. a4 a6 20. axb5 axb5 21.
Ne4 Nhf5 22. Ra5 Rb8 23. Nc3 b4 24. Ne4 Rc8 25. Nd6+ Nxd6 26. exd6 Nc6 27. Rxc4
Kd7 28. Rac5 f6 29. Nd4 Nxd4 30. Rxc8 Rxc8 31. Rxd4 Rb8 32. Kf1 b3 33. Rd3 Rb6
34. Ke2 Rb4 35. Rg3 Kxd6 36. Kd3 Rxh4 37. Rxg7 Rb4 38. Rh7 Rb5 39. f4 Rc5 40.
Rb7 Rc2 41. Rxb3 Rxg2 42. Ke4 h4 43. Kf5 h3 44. Rxh3 Rxb2 45. Kxf6 Kd7 46. Re3
Rb6+ 47. Kg5 Kd8 48. f5 Ra6 49. f6 Ra1 50. Kg6 Ra6 51. Kg7 1-0

[Event "Julian Mazur Memorial"]
[Site "Wellington Chess Club"]
[Date "2021.08.05"]
[Round "3.10"]
[White "Dixon, Hamish"]
[Black "Cilia Vincenti, David"]
[Result "0-1"]
[WhiteElo "1744"]
[BlackElo "2197"]

1. e4 e5 2. Nf3 Nc6 3. d4 exd4 4. Nxd4 Bc5 5. Nxc6 bxc6 6. Bd3 Qh4 7. Qe2 Nf6
8. Nd2 O-O 9. Nf3 Qh5 10. Bf4 d6 11. O-O Bg4 12. h3 Bxf3 13. Qxf3 Qxf3 14. gxf3
Rab8 15. b3 Bd4 16. Rad1 Nd7 17. Bc4 Ne5 18. Be2 Ng6 19. Bxd6 cxd6 20. Rxd4 Nf4
21. Rd2 Nxh3+ 22. Kh2 Nf4 23. Bc4 d5 24. exd5 cxd5 25. Bxd5 Rb6 26. Kg3 g5 27.
Kg4 Rg6 28. Bc4 Kh8 29. Kf5 Ne6 30. Kg4 f5+ 31. Kg3 Nf4 32. Rh1 h5 33. Kh2 h4
34. Rg1 Rg7 35. Rd4 Kh7 36. Rxf4 gxf4 37. Rxg7+ Kxg7 38. Kh3 Kf6 39. Bd5 Re8
40. c4 Re2 41. Kxh4 Rxf2 42. Kh3 Rxa2 43. b4 Rf2 44. b5 Ke5 45. Bf7 Rd2 46. Bd5
Rxd5 47. cxd5 Kxd5 48. Kh4 Kc5 49. Kg5 Kxb5 50. Kxf5 a5 51. Kxf4 a4 0-1

[Event "Julian Mazur Memorial"]
[Site "Wellington Chess Club"]
[Date "2021.08.05"]
[Round "3.11"]
[White "Webster, Jamie"]
[Black "Wojnar, Jacek"]
[Result "1/2-1/2"]
[WhiteElo "1739"]
[BlackElo "2092"]

1. e4 d6 2. d4 Nc6 3. Nc3 e5 4. Be3 exd4 5. Bxd4 Nxd4 6. Qxd4 Bd7 7. Bc4 Qf6 8.
Nge2 Qxd4 9. Nxd4 Be7 10. O-O-O Nf6 11. h3 a6 12. Rhe1 O-O 13. Nd5 Nxd5 14.
Bxd5 c6 15. Bb3 Rac8 16. e5 c5 17. Bxf7+ Rxf7 18. e6 Bxe6 19. Nxe6 Rxf2 20. Rd2
Rxd2 21. Kxd2 Kf7 22. Kd3 Bf6 23. Kc4 h6 24. Kd5 Be5 25. Re3 Re8 26. Nxc5 Rc8
27. Nxb7 Rxc2 28. Nxd6+ Bxd6 29. Kxd6 Rxb2 30. Rf3+ Kg6 31. Rg3+ Kh7 32. a3
1/2-1/2